000
00195 a2200097 4500
001
1231
100
_a
Baker,H.W.
245
_a
Theory of Heat engines
260
_a
_b
Green
_c
090
_c
793
_d
793
942
_a
NUST-CAE
_c
M
_c
34633
999
_c
236304
_d
236304